000 00611nam a22002177a 4500
003 OSt
005 20140310183042.0
008 130223t xxu||||| |||| 00| 0 eng d
020 _a9712333353
050 _aHM571
_b.J41 202
082 _aFIL 301
_bJ32 2002
245 _aIntroductory Sociology and Anthropology
_cJavier, Jessie D.,Costales, Rodrigo D., Rivas, Dionesio C.
_bA Pedagogy
260 _aManila
_bRex Book Store
_c2002
300 _a491 p.
_c23 cm.
521 _acollege students
526 _c1210L-1700L
541 _j1
541 _j2
562 _e2
942 _2lcc
_cBK
_kFIL
999 _c18552
_d18552